| 000 | 00790cab a2200265 4500 | ||
|---|---|---|---|
| 001 | WB3433-21 | ||
| 008 | 090401t1998 xxu||||| |||| 00| 0 eng d | ||
| 035 | _a(Sirsi) u88231 | ||
| 041 | _aeng | ||
| 245 | _aJunction charge attacked by developer | ||
| 260 | _c1998 | ||
| 350 | _a0 | ||
| 490 |
_aTimes _v1 September 1998, 40(1) |
||
| 520 | _aLand Securities has attacked government reforms which will force developers to pay for the upkeep of new road junctions to private developements for an indefinite basis. | ||
| 650 | _aDEVELOPERS | ||
| 650 | _aHIGHWAYS AGENCY | ||
| 650 | _aJUNCTIONS | ||
| 650 | _aNEW ROADS | ||
| 650 | _aPRIVATE DEVELOPMENTS | ||
| 650 | _aREFORMS | ||
| 650 | _aTAX | ||
| 690 | _aPROPERTY-PROPERTY DEVELOPMENT | ||
| 942 | _n0 | ||
| 948 | _c02/09/1998 | ||
| 999 |
_c55739 _d55739 |
||